000
00338 a2200145 4500
001
156716
020
_a
8516029441
040
_c
Escola São Tomás de Aquino
100
_a
FALCÃO, Adriana
240
1
0
_a
Mania de explicação
_l
por
245
1
0
_a
Mania de explicação
362
0
_a
2001
697
_a
*LITERATURA INFANTO
942
_c
BK
999
_c
156716
_d
156716